|
|
|
|
| LEADER |
01258nam a2200337Ia 4500 |
| 001 |
EBC1772693 |
| 003 |
MiAaPQ |
| 005 |
20200520144314.0 |
| 006 |
m o d | |
| 007 |
cr cn||||||||| |
| 008 |
040226s2005 enk sb 001 0 eng d |
| 020 |
|
|
|z 1841134511 (pbk.)
|
| 020 |
|
|
|z 9781841134512
|
| 035 |
|
|
|a (MiAaPQ)EBC1772693
|
| 035 |
|
|
|a (Au-PeEL)EBL1772693
|
| 035 |
|
|
|a (CaPaEBR)ebr10276194
|
| 035 |
|
|
|a (CaONFJC)MIL80144
|
| 035 |
|
|
|a (OCoLC)476037859
|
| 040 |
|
|
|a MiAaPQ
|c MiAaPQ
|d MiAaPQ
|
| 050 |
|
4 |
|a KJC2045
|b .N49 2005
|
| 245 |
0 |
4 |
|a The new legal framework for e-commerce in Europe
|h [electronic resource] /
|c edited by Lilian Edwards.
|
| 260 |
|
|
|a Oxford ;
|a Portland, Or. :
|b Hart,
|c 2005.
|
| 300 |
|
|
|a xxiii, 521 p.
|
| 504 |
|
|
|a Includes bibliographical references and index.
|
| 533 |
|
|
|a Electronic reproduction. Ann Arbor, MI : ProQuest, 2015. Available via World Wide Web. Access may be limited to ProQuest affiliated libraries.
|
| 650 |
|
0 |
|a Electronic commerce
|x Law and legislation
|z Europe.
|
| 650 |
|
0 |
|a Commercial law
|z Europe.
|
| 655 |
|
4 |
|a Electronic books.
|
| 700 |
1 |
|
|a Edwards, Lilian.
|
| 710 |
2 |
|
|a ProQuest (Firm)
|
| 856 |
4 |
0 |
|u https://ebookcentral.proquest.com/lib/matrademy/detail.action?docID=1772693
|z Click to View
|